| 000 | 02156cam a22002774a 4500 | ||
|---|---|---|---|
| 001 | 58431601 | ||
| 005 | 20140520110325.0 | ||
| 008 | 050302s2005 enk b 101 0 eng | ||
| 020 | _a0826469760 (hbk.) | ||
| 020 | _a0567082725 (pbk.) | ||
| 020 | _a9780567082725 | ||
| 111 | 2 |
_aEuropean Seminar on Methodology in Israel's History _n(7th : _d2002 : _cBerlin, Germany) |
|
| 245 | 1 | 0 |
_aGood kings and bad kings / _cedited by Lester L. Grabbe. |
| 260 |
_aLondon ; _aNew York : _bT&T Clark International, _c2007. |
||
| 300 |
_ax, 371 p. ; _c24 cm. |
||
| 490 | 1 |
_aLibrary of Hebrew Bible/Old Testament studies ; _v393. |
|
| 490 | 1 |
_aEuropean seminar in historical methodology ; _v5. |
|
| 504 | _aIncludes bibliographical references and indexes. | ||
| 505 | 0 | 0 |
_tWhy a reform like Josiah's must have happened / _rRainer Albertz -- _tJosiah and the prophetic books: some observations / _rEhud Ben Zvi -- _tJosiah and the law book / _rPhilip R. Davies -- _tKingdom of Judah from Sennacherib's invasion to the fall of Jerusalem: if we only had the Bible . . . / _rLester L. Grabbe -- _tKing Josiah in the climax of the Deuteronomic history (2 Kings 22-23) and the pre-Deuteronomic document of a cult reform at the place of residence (23.4-15): criticism of sources, reconstruction of literary pre-stages and the theology of history in 2 Kings 22-23 / _rChristof Hardmeier -- _tGlorious days of Manasseh / _rErnst Axel Knauf -- _tJosiah and the kingdom of Judah / _rNadav Na'aman -- _tBlackballing of Manasseh / _rFrancesca Stavrakopoulou -- _tKing Manasseh of Judah and the problem of theodicy in the Deuteronomistic history / _rMarvin A. Sweeney -- _tWas there a cult reform under King Josiah? The case for a well-grounded minimum / _rChristoph Uehlinger -- _tImportance of archaeology of the seventh century / _rDavid A. Warburton -- _tReflections on the discussions / _rLester L. Grabbe. |
| 600 | 0 | 0 |
_aJosiah, _cKing of Judah _vCongresses. |
| 650 | 0 |
_aJews _xHistory _yTo 586 B.C. _vCongresses. |
|
| 700 | 1 | _aGrabbe, Lester L. | |
| 830 | 0 |
_aLibrary of Hebrew Bible/Old Testament studies ; _v393. |
|
| 830 | 0 |
_aEuropean seminar in historical methodology ; _v5. |
|
| 942 |
_2lcc _cBK |
||
| 999 |
_c36029 _d36029 |
||